000 00883nac a22002657a 4500
001 BR6003071
003 BR-BrBNA
005 20240105113051.0
008 230509b bl.|||m| |||| 00| 0 por d
040 _aBR-BrBNA
_bpor
_cBiblioteca Nacional de Agricultura
072 _aK10
090 _aK10 BR6003071
100 1 _aWadsworth, F.H.
110 1 _aProjeto de Desenvolvimento e Pesquisa Florestal, Brasilia, DF (Brasil)
_98062
245 1 _aO estudo da Silvicultura na America Tropical e sua aplicacao em Porto Rico
260 3 _aBrasilia, DF (Brasil):
_c1971.
300 _a24 p.
490 _aSerie Tecnica - Projeto de Desenvolvimento e Pesquisa Florestal (Brazil)
_vno. 4
_x
650 _aProducao florestal
650 _aSilvicultura
650 _aFloresta
650 _aAmerica Tropical
909 _a202312
_bLúcia Elande
_c55
_dLúcia Elande
942 _2AGRIS
_n0
_cMS
999 _c261710
_d261710